00674 2200253 4500001002100000005001500021035002000036007000300056008004100059020002200100082001100122084001700133100000900150245004600159250001300205260004500218300003100263700002000294600001000314990002400324990002400348990002400372990002400396INLIS00000000000265720260601081857 a0010-0620000030ta260601 1  a978-623-7122-17-3 a808.83 a808.83 NAD a0 aNada1 aA.PieceOf My Soul /cNada;editor,Ria P.U. a--cet--5 a--Yogyakarta :bAndi,c978-623-7122-17-3 a339 hlm. :bilus. ;c19 cm0 aeditor,Ria P.U. 4anovel a33.163/DAK/DPK/2019 a33.162/DAK/DPK/2019 a33.165/DAK/DPK/2019 a33.164/DAK/DPK/2019